Planeta en peligro : (Registro nro. 17709)

Detalles MARC
000 -LEADER
fixed length control field 01268nam a2200277 4500
001 - CONTROL NUMBER
control field 0000015051
003 - CONTROL NUMBER IDENTIFIER
control field CO-CtgCURN
005 - DATE AND TIME OF LATEST TRANSACTION
control field 20250331184355.0
007 - PHYSICAL DESCRIPTION FIXED FIELD--GENERAL INFORMATION
fixed length control field ta
008 - FIXED-LENGTH DATA ELEMENTS--GENERAL INFORMATION
fixed length control field 160627s2007 000 0 eng d
040 ## - CATALOGING SOURCE
Original cataloging agency CO-CtgCURN
Language of cataloging spa
Transcribing agency coctgcurn
082 0# - DEWEY DECIMAL CLASSIFICATION NUMBER
Classification number 304.28
Item number P693
110 2# - MAIN ENTRY--CORPORATE NAME
Corporate name or jurisdiction name as entry element El Espectador.
245 10 - TITLE STATEMENT
Title Planeta en peligro :
Remainder of title como vivir en un planeta que el hombre ha cambiado.
260 ## - PUBLICATION, DISTRIBUTION, ETC.
Place of publication, distribution, etc. Montreal :
Name of publisher, distributor, etc. QA International,
Date of publication, distribution, etc. 2007.
300 ## - PHYSICAL DESCRIPTION
Extent 288 p.
336 ## - CONTENT TYPE
Source rdacontent
337 ## - MEDIA TYPE
Source rdamedia
Media type term sin mediacion
Media type code n
338 ## - CARRIER TYPE
Source rdacarrier
Carrier type term volumen
Carrier type code nc
505 8# - FORMATTED CONTENTS NOTE
Formatted contents note El ABC del clima.--Cuando el tiempo se vuelve loco.--Un planeta bajo muchas influecias.--Pronosticos para bien o para mal.--El clima en Colombia.--La historia de la tierra.--El interior de la tierra.--Paisajes que quitan el aliento.--La Furia de la tierra.--El medio ambiente.--Ecosistemas colombianos.--Retrato de los oceanos.--En el fondo del oceano.--Un oceano de cambios.--Un oceano de vida.--A la conquista del oceano.--El agua dulce
650 14 - SUBJECT ADDED ENTRY--TOPICAL TERM
Topical term or geographic name entry element Medio ambiente
Form subdivision aspectos sociales.
700 1# - ADDED ENTRY--PERSONAL NAME
Personal name Cano Correa, Fidel (Dir)
908 ## - PUT COMMAND PARAMETER (RLIN)
Put command parameter 160627
942 ## - ADDED ENTRY ELEMENTS (KOHA)
Koha item type Libros
Classification part 304.28
Item part P693
Source of classification or shelving scheme Dewey Decimal Classification
Existencias
Withdrawn status Lost status Source of classification or shelving scheme Damaged status Not for loan Collection Home library Current library Shelving location Date acquired Inventory number Total checkouts Full call number Barcode Date last seen Price effective from Koha item type Public note
    Dewey Decimal Classification     General Miguel Henríquez Castañeda Miguel Henríquez Castañeda General 03/31/2025 016023   304.28 P693 016023 03/31/2025 03/31/2025 Libros 300-CIENSO